1. FC Heidenheim Bundesliga History - Statistiken

Allgemein
  • Dieses Quiz wurde 44 mal gespielt
    4 seit der letzten Aktualisierung
  • Das Durchschnittsergebnis liegt bei 19 aus 41
Antwortstatistiken
Spieler % Korrekt
Adam Kölle
100%
Diant Ramaj
100%
Jan-Niklas Beste
100%
Kevin Müller
100%
Marnon Busch
100%
Niklas Dorsch
100%
Patrick Mainka
100%
Sirlord Conteh
100%
Tim Kleindienst
100%
Adrian Beck
50%
Arijon Ibrahimovic
50%
Benedikt Gimber
50%
Denis Thomalla
50%
Eren Dinkci
50%
Florian Pick
50%
Frank Feller
50%
Frans Krätzig
50%
Jan Schöppner
50%
Jonas Föhrenbach
50%
Lennard Maloney
50%
Leonardo Scienza
50%
Marvin Pieringer
50%
Mikkel Kaufmann
50%
Norman Theuerkauf
50%
Omar Traore
50%
Paul Wanner
50%
Stefan Schimmer
50%
Tim SIersleben
50%
Yannik Wagner
50%
Budu Zivzivadze
0%
Christian Kühlwetter
0%
Hennes Behrens
0%
Julian Niehues
0%
Kevin Sessa
0%
Leart Paqarada
0%
Leonidas Stergiou
0%
Luca Kerber
0%
Mathias Honsak
0%
Maximilian Breunig
0%
Nikola Dovedan
0%
Thomas Keller
0%
Keine übereinstimmenden Quizze gefunden
Verteilung der Resultate
Anzahl Personen mit jedem Resultat
Perzentil nach korrekt beantworteten Fragen
Ihre Resultats-Entwicklung
Sie haben dieses Quiz seit der letzten Aktualisierung nicht gespielt